[Event "NDVM 2019 U14w"]
[Site "?"]
[Date "2019.09.12"]
[Round "2.1"]
[White "Roncea, Andreea-Alexandra"]
[Black "Berghold, Lotta"]
[Result "1-0"]
[BlackElo "1471"]
[WhiteElo "1677"]
[LiveChessVersion "1.4.8"]

1. e4 {[%clk 1:30:59]} b6 {[%clk 1:30:55]} 2. d4 {[%clk 1:31:23]} Bb7
{[%clk 1:31:21]} 3. Bd3 {[%clk 1:31:43]} e6 {[%clk 1:31:44]} 4. Nf3
{[%clk 1:31:49]} Nf6 {[%clk 1:32:07]} 5. e5 {[%clk 1:30:38]} Nd5 {[%clk 1:31:14]}
6. c3 {[%clk 1:28:46]} c5 {[%clk 1:23:54]} 7. a3 {[%clk 1:25:42]} Nc6
{[%clk 1:18:19]} 8. O-O {[%clk 1:23:29]} Be7 {[%clk 1:17:19]} 9. Nbd2
{[%clk 1:16:38]} cxd4 {[%clk 1:10:42]} 10. cxd4 {[%clk 1:15:40]} O-O
{[%clk 1:05:50]} 11. Ne4 {[%clk 1:13:23]} d6 {[%clk 1:05:27]} 12. Ng3
{[%clk 1:03:42]} Rc8 {[%clk 1:01:59]} 13. Re1 {[%clk 0:58:04]} Re8
{[%clk 0:51:01]} 14. b4 {[%clk 0:52:24]} Qd7 {[%clk 0:46:04]} 15. Bg5
{[%clk 0:42:50]} Rc7 {[%clk 0:43:02]} 16. Bxe7 {[%clk 0:34:13]} Ncxe7
{[%clk 0:39:13]} 17. Ng5 {[%clk 0:30:04]} h6 {[%clk 0:29:57]} 18. N5e4
{[%clk 0:29:36]} Nc3 {[%clk 0:27:35]} 19. Nxc3 {[%clk 0:29:06]} Rxc3
{[%clk 0:28:02]} 20. Nh5 {[%clk 0:23:47]} Kh8 {[%clk 0:23:46]} 21. Qd2
{[%clk 0:20:20]} Nd5 {[%clk 0:19:47]} 22. Nf6 {[%clk 0:14:28]} gxf6
{[%clk 0:17:33]} 23. Qxh6+ {[%clk 0:14:40]} Kg8 {[%clk 0:18:00]} 24. Bh7+
{[%clk 0:14:51]} Kh8 {[%clk 0:18:10]} 25. Be4+ {[%clk 0:14:51]} Kg8
{[%clk 0:18:33]} 26. Bxd5 {[%clk 0:11:28]} exd5 {[%clk 0:18:46]} 27. exf6
{[%clk 0:11:32]} 1-0

[Event "NDVM 2019 U14w"]
[Site "?"]
[Date "2019.09.12"]
[Round "2.2"]
[White "Mueller, Helene"]
[Black "Zoellner, Bente"]
[Result "0-1"]
[BlackElo "1619"]
[WhiteElo "1476"]
[LiveChessVersion "1.4.8"]

1. e4 {[%clk 1:30:57]} c5 {[%clk 1:30:54]} 2. Nf3 {[%clk 1:31:20]} Nc6
{[%clk 1:31:17]} 3. d4 {[%clk 1:31:45]} cxd4 {[%clk 1:31:41]} 4. Nxd4
{[%clk 1:32:10]} Nf6 {[%clk 1:32:05]} 5. Nc3 {[%clk 1:32:34]} e5 {[%clk 1:32:26]}
6. Nf5 {[%clk 1:31:32]} d5 {[%clk 1:28:48]} 7. exd5 {[%clk 1:31:41]} Bxf5
{[%clk 1:27:40]} 8. dxc6 {[%clk 1:32:04]} Qxd1+ {[%clk 1:27:22]} 9. Nxd1
{[%clk 1:32:27]} Bxc2 {[%clk 1:26:21]} 10. Bb5 {[%clk 1:31:11]} O-O-O
{[%clk 1:23:58]} 11. cxb7+ {[%clk 1:31:21]} Kxb7 {[%clk 1:24:16]} 12. Ne3
{[%clk 1:31:04]} Bb4+ {[%clk 1:23:08]} 13. Ke2 {[%clk 1:30:48]} Bg6
{[%clk 1:18:29]} 14. a3 {[%clk 1:30:06]} Bc5 {[%clk 1:17:40]} 15. b4
{[%clk 1:30:04]} Bd4 {[%clk 1:15:54]} 16. Ra2 {[%clk 1:29:25]} Bb1
{[%clk 1:14:56]} 17. Rd2 {[%clk 1:29:14]} Ne4 {[%clk 1:14:50]} 18. Bb2
{[%clk 1:26:27]} Nxd2 {[%clk 1:14:23]} 19. Bxd4 {[%clk 1:26:38]} Rxd4
{[%clk 1:13:14]} 20. Rd1 {[%clk 1:26:52]} Rhd8 {[%clk 1:13:21]} 21. a4
{[%clk 1:24:50]} Bd3+ {[%clk 1:12:48]} 22. Bxd3 {[%clk 1:25:06]} Rxd3
{[%clk 1:13:11]} 23. Nc4 {[%clk 1:23:46]} e4 {[%clk 1:11:55]} 24. Rxd2
{[%clk 1:23:32]} Rxd2+ {[%clk 1:11:30]} 25. Nxd2 {[%clk 1:23:56]} f5
{[%clk 1:11:53]} 26. f3 {[%clk 1:22:33]} Rd4 {[%clk 1:11:38]} 27. fxe4
{[%clk 1:20:13]} fxe4 {[%clk 1:11:33]} 28. b5 {[%clk 1:20:26]} Rxa4
{[%clk 1:11:47]} 29. Ke3 {[%clk 1:20:43]} Rb4 {[%clk 1:11:55]} 30. Nxe4
{[%clk 1:21:00]} Rxb5 {[%clk 1:10:49]} 31. Nd6+ {[%clk 1:21:23]} Kb6
{[%clk 1:11:16]} 32. Nxb5 {[%clk 1:21:43]} Kxb5 {[%clk 1:11:42]} 33. Kd3
{[%clk 1:22:04]} Kb4 {[%clk 1:11:55]} 34. Kc2 {[%clk 1:22:27]} h5
{[%clk 1:12:10]} 35. h3 {[%clk 1:11:54]} h4 {[%clk 1:12:22]} 36. Kd3
{[%clk 1:11:17]} Kb3 {[%clk 1:12:42]} 37. Kd2 {[%clk 1:10:49]} Kb2
{[%clk 1:13:00]} 38. Kd3 {[%clk 1:11:14]} a5 {[%clk 1:13:17]} 39. Ke3
{[%clk 1:10:51]} a4 {[%clk 1:13:41]} 40. Kf4 {[%clk 1:11:17]} a3 {[%clk 1:14:05]}
41. Kg4 {[%clk 1:11:43]} a2 {[%clk 1:14:31]} 42. Kxh4 {[%clk 1:12:07]} a1=Q
{[%clk 1:14:56]} 43. g4 {[%clk 1:12:30]} Qf1 {[%clk 1:15:08]} 44. g5
{[%clk 1:12:48]} Qf4+ {[%clk 1:14:58]} 45. Kh5 {[%clk 1:13:11]} Qg3
{[%clk 1:14:46]} 46. h4 {[%clk 1:13:32]} Qf4 {[%clk 1:14:08]} 47. g6
{[%clk 1:13:47]} Qh6+ {[%clk 1:14:32]} 48. Kg4 {[%clk 1:14:12]} Qxg6+
{[%clk 1:14:54]} 49. Kh3 {[%clk 1:14:18]} Kc2 {[%clk 1:15:14]} 50. h5
{[%clk 1:14:42]} Qg5 {[%clk 1:15:40]} 51. h6 {[%clk 1:15:04]} gxh6
{[%clk 1:16:05]} 52. Kh2 {[%clk 1:15:28]} h5 {[%clk 1:16:24]} 53. Kh3
{[%clk 1:15:53]} Kd2 {[%clk 1:16:31]} 54. Kh2 {[%clk 1:16:15]} Ke2
{[%clk 1:16:55]} 55. Kh3 {[%clk 1:16:40]} Kf2 {[%clk 1:17:18]} 56. Kh2
{[%clk 1:17:05]} Qh4# 0-1

[Event "NDVM 2019 U14w"]
[Site "?"]
[Date "2019.09.12"]
[Round "2.3"]
[White "Evering, Enna"]
[Black "Kluehs, Isabel"]
[Result "1-0"]
[BlackElo "1312"]
[WhiteElo "1604"]
[LiveChessVersion "1.4.8"]

1. e4 {[%clk 1:30:56]} c5 {[%clk 1:30:56]} 2. Nf3 {[%clk 1:31:13]} Nc6
{[%clk 1:31:22]} 3. d4 {[%clk 1:31:28]} cxd4 {[%clk 1:31:49]} 4. Nxd4
{[%clk 1:31:47]} Nf6 {[%clk 1:32:13]} 5. Nc3 {[%clk 1:31:58]} e5 {[%clk 1:32:35]}
6. Nb3 {[%clk 1:30:55]} Bb4 {[%clk 1:32:46]} 7. Bd3 {[%clk 1:28:48]} Bxc3+
{[%clk 1:32:09]} 8. bxc3 {[%clk 1:28:35]} O-O {[%clk 1:31:39]} 9. Bg5
{[%clk 1:26:25]} d6 {[%clk 1:30:13]} 10. O-O {[%clk 1:25:41]} Ne7
{[%clk 1:30:29]} 11. Bxf6 {[%clk 1:24:26]} gxf6 {[%clk 1:30:50]} 12. Qf3
{[%clk 1:19:08]} Ng6 {[%clk 1:29:41]} 13. Rad1 {[%clk 1:13:13]} Be6
{[%clk 1:28:36]} 14. c4 {[%clk 1:08:46]} Qc8 {[%clk 1:28:08]} 15. Qxf6
{[%clk 1:06:25]} Rd8 {[%clk 1:25:33]} 16. Nd2 {[%clk 1:01:26]} a6
{[%clk 1:23:30]} 17. Rfe1 {[%clk 0:59:42]} Rb8 {[%clk 1:23:23]} 18. h3
{[%clk 0:55:53]} b5 {[%clk 1:23:25]} 19. Rb1 {[%clk 0:51:33]} Rd7
{[%clk 1:23:11]} 20. cxb5 {[%clk 0:44:57]} axb5 {[%clk 1:23:33]} 21. Bxb5
{[%clk 0:42:35]} Rdb7 {[%clk 1:23:47]} 22. Bd3 {[%clk 0:42:09]} Bxa2
{[%clk 1:23:45]} 23. Rxb7 {[%clk 0:42:14]} Rxb7 {[%clk 1:24:06]} 24. Qxd6
{[%clk 0:42:11]} Rd7 {[%clk 1:24:24]} 25. Qa3 {[%clk 0:42:16]} Be6
{[%clk 1:24:37]} 26. Nf3 {[%clk 0:39:43]} Rc7 {[%clk 1:24:26]} 27. Ra1
{[%clk 0:38:49]} Nf4 {[%clk 1:24:33]} 28. Nxe5 {[%clk 0:36:26]} Nxd3
{[%clk 1:24:42]} 29. cxd3 {[%clk 0:36:32]} Rc3 {[%clk 1:24:31]} 30. Qa8
{[%clk 0:32:26]} Rc1+ {[%clk 1:24:41]} 31. Kh2 {[%clk 0:32:49]} Rxa1
{[%clk 1:25:00]} 32. Qxa1 {[%clk 0:33:08]} Qb8 {[%clk 1:25:00]} 33. Kg1
{[%clk 0:32:55]} Qd6 {[%clk 1:24:49]} 34. Qc3 {[%clk 0:32:46]} Qd8
{[%clk 1:24:34]} 35. d4 {[%clk 0:32:26]} Qa8 {[%clk 1:24:22]} 36. d5
{[%clk 0:31:37]} Bc8 {[%clk 1:24:35]} 37. Qc7 {[%clk 0:31:16]} Kg7
{[%clk 1:24:26]} 38. Qxf7+ {[%clk 0:31:31]} Kh6 {[%clk 1:24:44]} 39. Qf6+
{[%clk 0:31:18]} Kh5 {[%clk 1:25:01]} 40. g4+ {[%clk 0:31:39]} 1-0

[Event "NDVM 2019 U14w"]
[Site "?"]
[Date "2019.09.12"]
[Round "2.4"]
[White "Hafermann, Lara"]
[Black "Kube, Maja"]
[Result "1-0"]
[BlackElo "930"]
[WhiteElo "800"]
[LiveChessVersion "1.4.8"]

1. d4 {[%clk 1:30:58]} c5 {[%clk 1:30:09]} 2. c3 {[%clk 1:31:07]} d5
{[%clk 1:29:29]} 3. Nf3 {[%clk 1:31:26]} Bf5 {[%clk 1:29:04]} 4. e3
{[%clk 1:31:22]} e6 {[%clk 1:28:07]} 5. Bd3 {[%clk 1:31:08]} Bd6 {[%clk 1:26:03]}
6. O-O {[%clk 1:30:56]} Ne7 {[%clk 1:25:49]} 7. b4 {[%clk 1:30:00]} c4
{[%clk 1:23:20]} 8. Bc2 {[%clk 1:30:15]} O-O {[%clk 1:23:27]} 9. Nbd2
{[%clk 1:30:13]} Bc7 {[%clk 1:23:11]} 10. e4 {[%clk 1:30:08]} Bg6
{[%clk 1:18:53]} 11. Nh4 {[%clk 1:28:42]} Qd6 {[%clk 1:18:40]} 12. e5
{[%clk 1:28:23]} Qc6 {[%clk 1:17:20]} 13. Nxg6 {[%clk 1:28:21]} fxg6
{[%clk 1:16:10]} 14. Qg4 {[%clk 1:25:29]} Bd8 {[%clk 1:11:41]} 15. Nf3
{[%clk 1:24:30]} a5 {[%clk 1:10:11]} 16. Ba3 {[%clk 1:24:07]} axb4
{[%clk 1:07:48]} 17. Bxb4 {[%clk 1:24:15]} Rf7 {[%clk 1:03:53]} 18. Ng5
{[%clk 1:24:15]} h5 {[%clk 1:02:09]} 19. Qxe6 Qxe6 {[%clk 1:01:38]} 20. Nxe6
{[%clk 1:24:48]} Na6 {[%clk 1:01:32]} 21. Bxe7 {[%clk 1:24:33]} Bxe7
{[%clk 1:01:04]} 22. Bxg6 {[%clk 1:24:48]} Rc8 {[%clk 0:58:05]} 23. Bxf7+
{[%clk 1:23:29]} Kxf7 {[%clk 0:57:24]} 24. Nf4 {[%clk 1:23:49]} Rh8
{[%clk 0:56:53]} 25. Nxd5 {[%clk 1:24:12]} Bg5 {[%clk 0:56:36]} 26. Rab1
{[%clk 1:23:55]} Rb8 {[%clk 0:56:24]} 27. f4 {[%clk 1:24:08]} Bd8
{[%clk 0:56:13]} 28. f5 {[%clk 1:23:32]} Nc7 {[%clk 0:55:27]} 29. Nxc7
{[%clk 1:23:46]} 1-0

[Event "NDVM 2019 U14w"]
[Site "?"]
[Date "2019.09.12"]
[Round "2.5"]
[White "Fayngold, Sophie Olivia"]
[Black "Hubert, Charlotte"]
[Result "0-1"]
[BlackElo "1574"]
[WhiteElo "1581"]
[LiveChessVersion "1.4.8"]

1. e4 {[%clk 1:30:59]} c5 {[%clk 1:30:54]} 2. Nf3 {[%clk 1:31:26]} e6
{[%clk 1:31:17]} 3. d4 {[%clk 1:31:44]} cxd4 {[%clk 1:31:39]} 4. Nxd4
{[%clk 1:32:10]} Nc6 {[%clk 1:31:58]} 5. Nc3 {[%clk 1:32:26]} Qc7
{[%clk 1:32:02]} 6. f3 {[%clk 1:32:29]} a6 {[%clk 1:31:29]} 7. Be3
{[%clk 1:32:12]} Nf6 {[%clk 1:30:42]} 8. Qd2 {[%clk 1:32:36]} Bb4
{[%clk 1:30:40]} 9. Nb3 {[%clk 1:29:01]} Ne5 {[%clk 1:27:49]} 10. Bf4
{[%clk 1:18:38]} Be7 {[%clk 1:16:25]} 11. O-O-O {[%clk 1:16:40]} b5
{[%clk 1:14:48]} 12. Qd4 {[%clk 1:13:03]} d6 {[%clk 1:13:32]} 13. Bg3
{[%clk 1:06:00]} Bb7 {[%clk 0:56:18]} 14. Be2 {[%clk 0:59:43]} Rc8
{[%clk 0:48:55]} 15. f4 {[%clk 0:52:59]} Nc6 {[%clk 0:47:17]} 16. Qd2
{[%clk 0:47:09]} b4 {[%clk 0:44:48]} 17. Nb1 {[%clk 0:37:22]} Nxe4
{[%clk 0:41:26]} 18. Qd3 {[%clk 0:36:04]} Nf6 {[%clk 0:29:12]} 19. Bf3
{[%clk 0:27:43]} O-O {[%clk 0:21:36]} 20. N1d2 {[%clk 0:26:00]} a5
{[%clk 0:20:47]} 21. Kb1 {[%clk 0:24:18]} a4 {[%clk 0:19:33]} 22. Nc1
{[%clk 0:23:32]} a3 {[%clk 0:18:38]} 23. b3 {[%clk 0:23:07]} Na5 {[%clk 0:16:07]}
24. Bxb7 {[%clk 0:19:39]} Qxb7 {[%clk 0:15:22]} 25. Rhg1 {[%clk 0:18:02]} Rc3
{[%clk 0:15:10]} 26. Qe2 {[%clk 0:16:37]} Qc6 {[%clk 0:14:47]} 27. Nf3
{[%clk 0:16:09]} Rc8 {[%clk 0:14:35]} 28. Nd4 {[%clk 0:15:39]} Qb7
{[%clk 0:10:35]} 29. Nd3 {[%clk 0:11:44]} Nd5 {[%clk 0:10:14]} 30. Rc1
{[%clk 0:09:50]} Bf6 {[%clk 0:08:24]} 31. Bf2 {[%clk 0:07:30]} Qa8
{[%clk 0:07:10]} 32. Nb5 {[%clk 0:05:44]} Qa6 {[%clk 0:04:50]} 33. Nxc3
{[%clk 0:05:37]} Nxc3+ {[%clk 0:05:13]} 34. Ka1 {[%clk 0:05:56]} Nxe2+
{[%clk 0:05:38]} 0-1

[Event "NDVM 2019 U14w"]
[Site "?"]
[Date "2019.09.12"]
[Round "2.6"]
[White "Wartenberg, Alissa"]
[Black "Gehrke, Gina Celina"]
[Result "0-1"]
[BlackElo "1543"]
[WhiteElo "1350"]
[LiveChessVersion "1.4.8"]

1. e4 {[%clk 1:30:58]} c5 {[%clk 1:30:52]} 2. d4 {[%clk 1:31:07]} cxd4
{[%clk 1:31:10]} 3. c4 dxc3 {[%clk 1:31:04]} 4. Nxc3 {[%clk 1:31:43]} d6
{[%clk 1:31:05]} 5. Bc4 {[%clk 1:32:04]} g6 {[%clk 1:30:06]} 6. Nf3
{[%clk 1:31:56]} Bg7 {[%clk 1:29:43]} 7. e5 {[%clk 1:31:02]} Be6 {[%clk 1:27:59]}
8. Bb5+ {[%clk 1:29:16]} Nc6 {[%clk 1:28:10]} 9. Nd4 {[%clk 1:27:16]} Bd7
{[%clk 1:27:51]} 10. Nxc6 {[%clk 1:23:25]} bxc6 {[%clk 1:27:15]} 11. Bc4
{[%clk 1:20:10]} d5 {[%clk 1:25:56]} 12. e6 {[%clk 1:17:51]} Bxe6
{[%clk 1:26:47]} 13. Ba6 {[%clk 1:16:02]} Rb8 {[%clk 1:25:21]} 14. O-O
{[%clk 1:14:43]} Nf6 {[%clk 1:25:29]} 15. Qe2 {[%clk 1:04:58]} Qc7
{[%clk 1:24:21]} 16. Be3 {[%clk 1:02:05]} Ng4 {[%clk 1:24:06]} 17. g3
{[%clk 0:59:48]} Nxe3 {[%clk 1:23:21]} 18. fxe3 {[%clk 0:59:46]} O-O
{[%clk 1:21:32]} 19. Rab1 {[%clk 0:55:56]} Bxc3 {[%clk 1:18:47]} 20. bxc3
{[%clk 0:55:43]} Rxb1 {[%clk 1:17:46]} 21. Rxb1 {[%clk 0:56:01]} Rb8
{[%clk 1:18:09]} 22. Rf1 {[%clk 0:55:35]} Qb6 {[%clk 1:17:17]} 23. Ra1
{[%clk 0:50:16]} Bc8 {[%clk 1:16:14]} 24. Bd3 {[%clk 0:50:01]} e5
{[%clk 1:13:09]} 25. Rf1 {[%clk 0:45:30]} e4 {[%clk 1:13:11]} 26. Qf2
{[%clk 0:41:13]} Be6 {[%clk 1:12:47]} 27. Bc2 {[%clk 0:40:43]} Qa5
{[%clk 1:11:01]} 28. c4 {[%clk 0:29:14]} Qxa2 {[%clk 1:10:35]} 29. cxd5
{[%clk 0:29:32]} cxd5 {[%clk 1:10:36]} 30. Bd1 {[%clk 0:27:30]} Rb2
{[%clk 1:10:00]} 31. Qe1 {[%clk 0:26:29]} Rg2+ {[%clk 1:10:01]} 32. Kh1
{[%clk 0:26:45]} Rxh2+ {[%clk 1:10:24]} 33. Kg1 {[%clk 0:27:09]} Qg2#
{[%clk 1:10:43]} 0-1

[Event "NDVM 2019 U14w"]
[Site "?"]
[Date "2019.09.12"]
[Round "2.7"]
[White "Liu, Shandy"]
[Black "Modali, Nikhilamrutha"]
[Result "0-1"]
[BlackElo "1029"]
[WhiteElo "929"]
[LiveChessVersion "1.4.8"]

1. e4 {[%clk 1:30:57]} c6 {[%clk 1:30:55]} 2. d4 {[%clk 1:31:17]} d5
{[%clk 1:31:19]} 3. exd5 {[%clk 1:31:36]} cxd5 {[%clk 1:31:43]} 4. Nf3
{[%clk 1:31:07]} Nf6 {[%clk 1:31:49]} 5. Bg5 {[%clk 1:30:43]} Bf5
{[%clk 1:31:12]} 6. Bd3 {[%clk 1:29:03]} Bxd3 {[%clk 1:30:21]} 7. Qxd3
{[%clk 1:29:09]} e6 {[%clk 1:30:37]} 8. Nc3 {[%clk 1:26:33]} Be7 {[%clk 1:30:44]}
9. O-O {[%clk 1:22:23]} Nc6 {[%clk 1:27:08]} 10. Rfe1 {[%clk 1:18:48]} Rc8
{[%clk 1:25:58]} 11. Qb5 {[%clk 1:10:57]} Qc7 {[%clk 1:23:34]} 12. Ne5
{[%clk 1:04:10]} O-O {[%clk 1:21:51]} 13. Nxc6 {[%clk 1:02:10]} bxc6
{[%clk 1:21:41]} 14. Qd3 {[%clk 0:58:49]} Rfe8 {[%clk 1:14:21]} 15. a3
{[%clk 0:53:36]} Ng4 {[%clk 1:06:38]} 16. Re5 {[%clk 0:47:57]} Nxe5
{[%clk 1:05:42]} 17. dxe5 {[%clk 0:45:58]} Bxg5 {[%clk 1:05:59]} 18. Qg3
{[%clk 0:44:16]} f6 {[%clk 1:03:12]} 19. Re1 {[%clk 0:42:53]} Rb8
{[%clk 1:00:08]} 20. b4 {[%clk 0:41:18]} Bd2 {[%clk 1:00:12]} 21. Re2
{[%clk 0:40:24]} d4 {[%clk 0:56:08]} 22. Na2 {[%clk 0:38:31]} c5 {[%clk 0:53:12]}
23. Rxd2 {[%clk 0:36:25]} Qxe5 {[%clk 0:51:14]} 24. f4 {[%clk 0:33:54]} Qe4
{[%clk 0:46:34]} 25. h3 {[%clk 0:27:57]} e5 {[%clk 0:42:25]} 26. fxe5
{[%clk 0:24:34]} Qxe5 {[%clk 0:40:48]} 27. Qf2 {[%clk 0:16:53]} c4
{[%clk 0:31:10]} 28. Rd1 {[%clk 0:11:44]} Rbd8 {[%clk 0:24:37]} 29. Nc1
{[%clk 0:08:39]} Qe3 {[%clk 0:22:22]} 30. Qxe3 {[%clk 0:07:17]} Rxe3
{[%clk 0:22:24]} 31. a4 {[%clk 0:05:41]} d3 {[%clk 0:22:27]} 32. cxd3
{[%clk 0:05:15]} cxd3 {[%clk 0:22:47]} 33. Kf2 {[%clk 0:04:37]} Re4
{[%clk 0:21:18]} 34. Nxd3 {[%clk 0:04:28]} Rxb4 {[%clk 0:19:58]} 35. Nxb4
{[%clk 0:03:46]} Rxd1 {[%clk 0:20:18]} 36. Nc6 {[%clk 0:03:52]} Ra1
{[%clk 0:20:03]} 37. Nxa7 {[%clk 0:03:58]} Rxa4 {[%clk 0:20:22]} 38. Nb5
{[%clk 0:03:55]} Kf7 {[%clk 0:20:22]} 39. Kf3 {[%clk 0:04:16]} Ke6
{[%clk 0:20:19]} 40. g4 {[%clk 0:03:21]} Ke5 {[%clk 0:18:39]} 41. Nc3
{[%clk 0:03:09]} Ra3 {[%clk 0:18:40]} 42. Kg3 {[%clk 0:02:57]} Rxc3+
{[%clk 0:18:58]} 43. Kh2 {[%clk 0:02:32]} Kf4 {[%clk 0:19:13]} 44. Kg2
{[%clk 0:02:07]} Rf3 {[%clk 0:19:21]} 45. Kh2 {[%clk 0:01:16]} Rf2+
{[%clk 0:18:59]} 46. Kg1 {[%clk 0:01:29]} Kg3 {[%clk 0:19:20]} 0-1

[Event "NDVM 2019 U14w"]
[Site "?"]
[Date "2019.09.12"]
[Round "2.8"]
[White "Krasikova, Milana"]
[Black "Kahlaee Semnani, Barin"]
[Result "1-0"]
[BlackElo "780"]
[WhiteElo "1060"]
[LiveChessVersion "1.4.8"]

1. e4 {[%clk 1:30:59]} e5 {[%clk 1:30:58]} 2. Nf3 {[%clk 1:31:24]} Nc6
{[%clk 1:31:20]} 3. Nc3 {[%clk 1:31:48]} Nf6 {[%clk 1:31:41]} 4. Bb5
{[%clk 1:32:12]} Bb4 {[%clk 1:31:40]} 5. d3 {[%clk 1:32:13]} Bxc3+
{[%clk 1:31:29]} 6. bxc3 {[%clk 1:32:35]} h6 {[%clk 1:30:59]} 7. Bxc6
{[%clk 1:32:57]} bxc6 {[%clk 1:31:19]} 8. Nxe5 {[%clk 1:33:24]} Rb8
{[%clk 1:31:13]} 9. O-O {[%clk 1:33:27]} d6 {[%clk 1:31:28]} 10. Nxc6
{[%clk 1:33:47]} Qe7 {[%clk 1:31:34]} 11. Nxe7 {[%clk 1:34:08]} Kxe7
{[%clk 1:31:48]} 12. Ba3 {[%clk 1:34:28]} Bg4 {[%clk 1:31:49]} 13. f3
{[%clk 1:34:43]} Bh5 {[%clk 1:32:07]} 14. Re1 {[%clk 1:34:55]} Rb5
{[%clk 1:32:10]} 15. c4 {[%clk 1:35:09]} Rg5 {[%clk 1:32:19]} 16. d4
{[%clk 1:34:14]} Kd8 {[%clk 1:27:08]} 17. g4 {[%clk 1:34:00]} Bg6
{[%clk 1:27:19]} 18. Bc1 {[%clk 1:33:43]} Ra5 {[%clk 1:27:04]} 19. e5
{[%clk 1:33:22]} Nd7 {[%clk 1:26:25]} 20. Bb2 {[%clk 1:33:11]} Nb6
{[%clk 1:25:42]} 21. c5 {[%clk 1:32:44]} Nc4 {[%clk 1:25:41]} 22. Rb1
{[%clk 1:32:41]} dxe5 {[%clk 1:24:32]} 23. dxe5+ {[%clk 1:32:52]} Kc8
{[%clk 1:24:34]} 24. Qd4 {[%clk 1:32:43]} Ra4 {[%clk 1:23:17]} 25. Qd5
{[%clk 1:32:00]} Bxc2 {[%clk 1:23:17]} 26. e6 {[%clk 1:31:04]} Bxb1
{[%clk 1:23:26]} 27. Rxb1 {[%clk 1:30:53]} f6 {[%clk 1:22:51]} 28. Qd7+
{[%clk 1:30:30]} Kb7 {[%clk 1:22:33]} 29. Qxa4 {[%clk 1:30:54]} Nd2
{[%clk 1:22:19]} 30. Qb4+ {[%clk 1:31:08]} Kc6 {[%clk 1:22:21]} 31. Qxd2
{[%clk 1:31:30]} Kxc5 {[%clk 1:22:25]} 32. Rc1+ {[%clk 1:31:52]} Kb6
{[%clk 1:22:31]} 33. Qb4+ {[%clk 1:32:05]} Ka6 {[%clk 1:22:32]} 34. Rc6# 1-0

[Event "NDVM 2019 U14w"]
[Site "?"]
[Date "2019.09.12"]
[Round "2.9"]
[White "Hellenbroich, Helene"]
[Black "Margaryan, Venera"]
[Result "1-0"]
[BlackElo "1293"]
[WhiteElo "1105"]
[LiveChessVersion "1.4.8"]

1. e4 {[%clk 1:30:52]} c6 {[%clk 1:31:17]} 2. Nc3 {[%clk 1:31:08]} d5
{[%clk 1:30:55]} 3. d4 {[%clk 1:30:29]} Nd7 {[%clk 1:29:39]} 4. b3
{[%clk 1:28:45]} dxe4 {[%clk 1:29:41]} 5. Nxe4 {[%clk 1:29:06]} Ngf6
{[%clk 1:29:39]} 6. Ng3 {[%clk 1:28:56]} e6 {[%clk 1:28:56]} 7. Nf3
{[%clk 1:28:19]} Be7 {[%clk 1:28:08]} 8. Be2 {[%clk 1:28:03]} O-O
{[%clk 1:27:05]} 9. O-O {[%clk 1:27:25]} c5 {[%clk 1:23:20]} 10. Bb2
{[%clk 1:26:48]} b6 {[%clk 1:22:10]} 11. Bb5 {[%clk 1:25:38]} Bb7
{[%clk 1:19:01]} 12. dxc5 {[%clk 1:23:33]} Nxc5 {[%clk 1:18:39]} 13. Ne5
{[%clk 1:14:07]} Qc7 {[%clk 1:16:10]} 14. b4 {[%clk 1:11:08]} Rad8
{[%clk 1:14:38]} 15. Qe2 {[%clk 1:09:47]} Nce4 {[%clk 1:13:49]} 16. Nxe4
{[%clk 1:09:31]} Bxe4 {[%clk 1:13:07]} 17. Ng4 {[%clk 1:08:01]} Nxg4
{[%clk 1:07:44]} 18. Qxg4 {[%clk 1:07:39]} Bg6 {[%clk 1:06:02]} 19. Bd3
{[%clk 1:06:03]} f5 {[%clk 1:05:29]} 20. Qe2 {[%clk 1:05:25]} Qc6
{[%clk 1:03:42]} 21. Bc4 {[%clk 1:04:56]} Bf7 {[%clk 1:03:21]} 22. Rfe1
{[%clk 1:03:32]} Bxb4 {[%clk 0:55:25]} 23. Qe5 {[%clk 1:02:31]} Bc3
{[%clk 0:29:55]} 24. Bxc3 {[%clk 1:02:52]} Rd4 {[%clk 0:28:49]} 25. Bxd4
{[%clk 1:03:09]} Qxc4 {[%clk 0:28:06]} 26. Qxg7# {[%clk 1:03:26]} 1-0

[Event "NDVM 2019 U14w"]
[Site "?"]
[Date "2019.09.12"]
[Round "2.10"]
[White "Daoud, Shahnaz"]
[Black "Alscher, Anouk"]
[Result "0-1"]
[BlackElo "1082"]
[WhiteElo "1127"]
[LiveChessVersion "1.4.8"]

1. d4 {[%clk 1:30:58]} d5 {[%clk 1:30:53]} 2. Nf3 {[%clk 1:31:21]} Nc6
{[%clk 1:30:46]} 3. e3 {[%clk 1:31:40]} a6 {[%clk 1:30:36]} 4. Bd3
{[%clk 1:31:28]} Nf6 {[%clk 1:30:34]} 5. Nbd2 {[%clk 1:31:45]} e6
{[%clk 1:30:13]} 6. Ne5 {[%clk 1:31:15]} Nxe5 {[%clk 1:29:43]} 7. dxe5
{[%clk 1:31:37]} Nd7 {[%clk 1:29:10]} 8. Nf3 {[%clk 1:30:51]} Nc5
{[%clk 1:28:22]} 9. O-O {[%clk 1:27:22]} Bd7 {[%clk 1:26:21]} 10. Qe2
{[%clk 1:20:36]} Ne4 {[%clk 1:26:16]} 11. Bxe4 {[%clk 1:18:11]} dxe4
{[%clk 1:26:38]} 12. Nd2 {[%clk 1:18:29]} Bb5 {[%clk 1:25:54]} 13. c4
{[%clk 1:18:41]} Bc6 {[%clk 1:24:40]} 14. f3 {[%clk 1:17:04]} exf3
{[%clk 1:24:06]} 15. Nxf3 {[%clk 1:17:28]} Bc5 {[%clk 1:21:17]} 16. Rd1
{[%clk 1:17:11]} Qe7 {[%clk 1:21:03]} 17. a3 {[%clk 1:17:19]} O-O
{[%clk 1:20:26]} 18. b4 {[%clk 1:17:32]} Ba7 {[%clk 1:20:36]} 19. Bb2
{[%clk 1:15:53]} Rad8 {[%clk 1:20:18]} 20. Rxd8 {[%clk 1:15:32]} Rxd8
{[%clk 1:20:11]} 21. c5 {[%clk 1:13:55]} b6 {[%clk 1:18:57]} 22. cxb6
{[%clk 1:13:17]} Bxb6 {[%clk 1:19:04]} 23. Bd4 {[%clk 1:13:05]} Bxd4
{[%clk 1:18:55]} 24. Nxd4 {[%clk 1:12:58]} Bd7 {[%clk 1:17:51]} 25. Rc1
{[%clk 1:12:43]} Rc8 {[%clk 1:16:33]} 26. Qxa6 {[%clk 1:12:56]} Qg5
{[%clk 1:15:08]} 27. Re1 {[%clk 1:10:33]} Qxe5 {[%clk 1:14:20]} 28. Nc6
{[%clk 1:07:28]} Qd6 {[%clk 1:14:06]} 29. b5 {[%clk 1:07:08]} Qf8
{[%clk 1:12:08]} 30. Rd1 {[%clk 1:07:18]} Bxc6 {[%clk 1:10:19]} 31. Qxc6
{[%clk 1:07:28]} Qxa3 {[%clk 1:09:02]} 32. Qe4 {[%clk 1:06:22]} Qa7
{[%clk 1:06:41]} 33. Qd3 {[%clk 1:05:31]} g6 {[%clk 1:06:29]} 34. Qf1
{[%clk 1:04:50]} Qxe3+ {[%clk 1:06:36]} 35. Kh1 {[%clk 1:03:51]} c6
{[%clk 1:06:37]} 36. Qf6 {[%clk 1:03:49]} cxb5 {[%clk 1:06:31]} 37. h3
{[%clk 1:03:52]} Qa7 {[%clk 1:06:07]} 38. g4 {[%clk 1:02:58]} Qb7+
{[%clk 1:05:48]} 39. Kg1 {[%clk 1:02:52]} b4 {[%clk 1:05:07]} 40. h4
{[%clk 1:02:48]} b3 {[%clk 1:05:04]} 41. Rd2 {[%clk 1:02:54]} h6 {[%clk 1:03:30]}
42. h5 {[%clk 1:02:30]} Qa7+ {[%clk 1:02:19]} 43. Rf2 {[%clk 1:02:42]} gxh5
{[%clk 1:00:58]} 44. gxh5 {[%clk 1:02:53]} Rc2 {[%clk 0:59:43]} 45. Kf1
{[%clk 1:01:50]} Qxf2+ {[%clk 0:59:50]} 46. Qxf2 {[%clk 1:02:03]} Rxf2+
{[%clk 1:00:08]} 47. Kxf2 {[%clk 1:02:29]} b2 {[%clk 1:00:29]} 48. Kf3
{[%clk 1:02:51]} b1=Q {[%clk 1:00:48]} 49. Kf4 {[%clk 1:03:13]} Qb5
{[%clk 1:00:48]} 50. Kg4 {[%clk 1:03:34]} Qf5+ {[%clk 1:01:09]} 51. Kh4
{[%clk 1:03:39]} Qg5+ {[%clk 1:01:23]} 52. Kh3 {[%clk 1:04:01]} f5
{[%clk 1:01:30]} 53. Kh2 {[%clk 1:04:23]} f4 {[%clk 1:01:50]} 54. Kh1
{[%clk 1:04:47]} f3 {[%clk 1:02:12]} 55. Kh2 {[%clk 1:05:13]} f2 {[%clk 1:02:36]}
56. Kh3 {[%clk 1:05:23]} f1=Q+ 57. Kh2 Qfg2# 0-1